| 000 | 00638nam a2200217Ia 4500 | ||
|---|---|---|---|
| 008 | 220204s9999 xx 000 0 und d | ||
| 082 |
_aNR:063RG`1968' _bRRM.1 |
||
| 245 | 0 | _aProceedings of natural rubber conference, Kuala Lumpur,1968. Part 1. | |
| 260 |
_aMalaysia _bRRIM _c1969 |
||
| 505 | _aPublished as Vol 21 of Journal of RRIM | ||
| 650 | _aCovercrops | ||
| 650 | _aHevea biochemistry | ||
| 650 | _aHevea breeding | ||
| 650 | _aHevea exploitation | ||
| 650 | _aHevea nutrition | ||
| 650 | _aLatex metabolism | ||
| 650 | _aLatex vessel plugging | ||
| 650 | _aRubber biosynthesis | ||
| 650 | _aSmallholders | ||
| 942 | _cBK | ||
| 999 |
_c22703 _d22703 |
||